A TEXTBOOK OF MEDICAL JURISPRUDENCE AND TOXICOLOGY (Record no. 15780)

MARC details
000 -LEADER
fixed length control field 00347nam a22001457a 4500
003 - CONTROL NUMBER IDENTIFIER
control field SGT
020 ## - INTERNATIONAL STANDARD BOOK NUMBER
International Standard Book Number 9788180387746
082 ## - DEWEY DECIMAL CLASSIFICATION NUMBER
Classification number 614.1
Item number MOD
100 ## - MAIN ENTRY--PERSONAL NAME
Personal name MODI JAISINGH P.
245 ## - TITLE STATEMENT
Title A TEXTBOOK OF MEDICAL JURISPRUDENCE AND TOXICOLOGY
250 ## - EDITION STATEMENT
Edition statement 24TH
260 ## - PUBLICATION, DISTRIBUTION, ETC. (IMPRINT)
Name of publisher, distributor, etc LEXIS NEXIS
Year of Publication 2015
650 ## - SUBJECT ADDED ENTRY--TOPICAL TERM
Topical term or geographic name as entry element PHYSICAL SCIENCE
942 ## - ADDED ENTRY ELEMENTS (KOHA)
Source of classification or shelving scheme Dewey Decimal Classification
Koha item type Books
942 ## - ADDED ENTRY ELEMENTS (KOHA)
-- 1
Holdings
Withdrawn status Lost status Source of classification or shelving scheme Damaged status Not for loan Collection code Home library Current library Shelving location Date acquired Vendor Name Cost, normal purchase price SGTU Bill Number Total Checkouts Full call number Accession No. (Barcode) Date last seen Bill Date Koha item type Date last borrowed
    Dewey Decimal Classification     SCIENCE SGT Science & Social Sciences Library SGT Science & Social Sciences Library Text Book 14/08/2018 AHUJA BOOK 1895.00 SGTU 10014   614.1 MOD PS4496 14/08/2018 14/08/2018 Books  
    Dewey Decimal Classification     SCIENCE SGT Science & Social Sciences Library SGT Science & Social Sciences Library Text Book 14/08/2018 AHUJA BOOK 1895.00 SGTU 10014   614.1 MOD PS4497 14/08/2018 14/08/2018 Books  
    Dewey Decimal Classification     SCIENCE SGT Science & Social Sciences Library SGT Science & Social Sciences Library Text Book 14/08/2018 AHUJA BOOK 1895.00 SGTU 10014   614.1 MOD PS4498 14/08/2018 14/08/2018 Books  
    Dewey Decimal Classification     SCIENCE SGT Science & Social Sciences Library SGT Science & Social Sciences Library Text Book 14/08/2018 AHUJA BOOK 1895.00 SGTU 10014 1 614.1 MOD PS4499 25/08/2021 14/08/2018 Books 20/08/2021
    Dewey Decimal Classification     SCIENCE SGT Science & Social Sciences Library SGT Science & Social Sciences Library Text Book 14/08/2018 AHUJA BOOK 1895.00 SGTU 10014 4 614.1 MOD PS4500 03/05/2022 14/08/2018 Books 03/05/2022